[Event "VI Sunway Sitges Open 2019"]
[Site "Sitges"]
[Date "2019.12.19"]
[Round "7.2"]
[White "Kovalenko, Igor"]
[Black "Santos Latasa, Jaime"]
[Result "1/2-1/2"]
[WhiteElo "2647"]
[BlackElo "2585"]
[Annotator "TA"]
[PlyCount "169"]
[EventDate "2019.12.13"]
[EventType "swiss"]
[EventCountry "ESP"]
[SourceTitle "playchess.com"]
[Source "ChessBase"]
[SourceQuality "1"]

{[%evp 10,169,3,-31,-8,-12,-21,-25,-25,-38,-31,-54,-39,-25,-36,-30,-36,-36,0,0,7,0,0,0,0,0,0,-30,-34,-34,-34,-35,0,0,0,0,0,0,0,0,0,0,0,-37,-23,-41,-46,-58,-65,-59,-66,-52,-13,-14,0,0,0,-8,-5,-6,0,-6,0,0,0,0,0,-3,0,0,0,-48,15,0,0,0,0,-24,-24,-45,-8,-9,-2,-2,0,0,0,0,0,-2,0,0,0,-14,-5,-14,0,0,0,-20,-7,-14,0,-20,0,0,0,0,0,0,0,-7,-7,-7,-7,-7,-7,-7,0,0,0,0,0,0,0,-19,-19,-33,0,-4,0,0,0,-12,0,-84,-84,-84,-84,-135,-84,-106,-105,-108,-108,-110,-87,-110,-91,-108,-110,-137,-84,-84,-84,-84,-20,-85,0,0,0,0]} 1. d4 Nf6 2. Nf3 d5 3. c4 e6 4. Bg5 dxc4 5. Qa4+ Nbd7 {[%cal Bb8d7,Bd7c5,Bc5a4][%mdl 32]} 6. Qxc4 Be7 {D30: Queen's Gambit Declined: Systems without Nc3} (6... a6 7. e4 h6 8. Bh4 b5 9. Qc6 Rb8 10. Bxf6 gxf6 11. Nbd2 Bb7 12. Qc2 c5 13. d5 c4 14. Be2 {1-0 (40) Yuffa,D (2563)-Lysyj,I (2631) Cheliabinsk 2018}) 7. Nbd2 O-O 8. Rc1 c5 {Black has an edge.} 9. dxc5 Nxc5 10. Bxf6 gxf6 11. b4 $146 ({Predecessor:} 11. e3 Bd7 12. Be2 Rc8 13. O-O Na4 14. Qg4+ Kh8 15. Rxc8 Qxc8 16. Bd3 Nxb2 17. Bxh7 Kxh7 18. Qh5+ Kg7 {½-½ (18) Bhat,V (2511)-Cozianu,C (2439) ICC INT 2014}) 11... Na4 12. e3 $1 Bd7 13. Be2 Kh8 {Threatens to win with ...Rc8.} (13... Rc8 $5 14. Qg4+ $8 Kh8 15. Rxc8 Bxc8 $11) 14. O-O Rc8 15. Qb3 b5 16. Ne4 Qb6 17. Nd4 a6 18. a3 e5 19. Nf3 Be6 20. Qb1 f5 21. Ng3 Nc3 22. Qb2 Nxe2+ 23. Nxe2 f6 24. Ng3 a5 $36 {[%mdl 2048] Black has some pressure.} 25. Nh4 axb4 26. axb4 Rc4 27. Nhxf5 Bxb4 ({But not} 27... Rxb4 $6 28. Qa3 $16) 28. Rb1 Rb8 $1 29. Qe2 Bf8 30. Qf3 Qc6 {White must now prevent ...Qxf3.} 31. e4 {White wants to play Ne3.} Rc3 32. Ne3 $1 Bf7 33. Ne2 {[%cal Bg3e2,Be2c3,Bc3d5][%mdl 32]} Rd3 34. Rfc1 Qe6 35. Nc3 Ba3 36. Qe2 Bxc1 37. Qxd3 Bxe3 $1 38. fxe3 b4 39. Nd5 Qd6 40. Qc4 {[%cal Rb1b4]} Rd8 ({Black should play} 40... Kg7 $15) 41. Qxb4 Qxb4 42. Nxb4 $11 {[%mdl 4096] Endgame KRB-KRN} Bg6 43. Rb2 Bxe4 44. Na2 Kg7 45. Nc3 Bf5 46. Kf2 Rd7 47. Kf3 h5 48. h3 Kf7 49. Ne2 Bg6 50. Ng3 Kg7 51. Nh1 Rc7 52. Nf2 Rd7 53. Kg3 Rc7 54. Ra2 Bf7 55. Rd2 Bg6 56. Rb2 Rd7 57. Kh4 Rc7 58. g4 hxg4 59. Nxg4 Bf5 60. Nf2 Rc3 61. Re2 Kg6 62. Kg3 Ra3 63. Kf3 Be6 64. Rd2 f5 65. Rd6 Kf7 66. h4 Ke7 67. Rd2 Bf7 {And now ...Bh5+ would win.} 68. Nd1 Bh5+ 69. Kf2 Ra4 70. Nc3 Rxh4 {White should prevent ...Rh2+.} (70... Rc4 {looks sharper.} 71. Nb5 Rc5 72. Nd6 Kf6 73. Rb2 Rc6) 71. Rd5 $1 Kf6 (71... Ke6 {keeps more tension.} 72. Rb5 Rc4 73. Rb6+ Kd7 74. Nd5 Bf7) 72. Ra5 {[#]} (72. Rd6+ $11 Kg5 73. Rd5) 72... Rc4 $1 $17 {[%cal Rc4c3]} 73. Ra3 Kg5 74. Ke1 (74. Kg2 $142) 74... Bf3 (74... Rc8 $142 75. Kf1 Bg4) 75. Kd2 Rc6 76. Ra5 Rd6+ 77. Kc2 Kf6 78. Ra4 Bc6 79. Rc4 Be8 80. Rc5 {[#]} Bf7 (80... Ke6 $142 $1 81. Nb1 Rd5 82. Rxd5 Kxd5 83. Nc3+ Kc5) 81. Nb5 Rb6 82. Kc3 Be8 (82... Ra6 $17 83. Kb4 Re6) 83. Na3 (83. Nc7 $11 Bf7 84. Nd5+ Bxd5 85. Rxd5) 83... f4 ({Better is} 83... Rd6 $17 84. Nc4 Rc6) 84. Nc4 $11 Re6 {[#] next ...f3 is good for Black.} 85. Nxe5 $1 {[%mdl 512] Accuracy: White = 62%, Black = 53%.} 1/2-1/2

[Event "VI Sunway Sitges Open 2019"]
[Site "Sitges"]
[Date "2019.12.19"]
[Round "7.3"]
[White "Puranik, Abhimanyu"]
[Black "Tabatabaei, M.amin"]
[Result "1-0"]
[WhiteElo "2580"]
[BlackElo "2635"]
[Annotator "TA"]
[PlyCount "71"]
[EventDate "2019.12.13"]
[EventType "swiss"]
[EventCountry "ESP"]
[SourceTitle "playchess.com"]
[Source "ChessBase"]
[SourceQuality "1"]

{[%evp 10,71,26,8,10,10,15,16,18,20,18,16,14,0,0,0,0,-8,8,10,12,0,14,0,0,-38,-41,-30,-35,-44,-35,-34,-11,-41,-21,-20,-17,-14,-14,-48,-6,-14,-12,-22,-6,-12,101,0,154,156,152,162,454,434,1048,779,29983,29984,29986,29987,29993,29994,29994,29995]} 1. e4 e5 2. Nf3 Nc6 3. Bc4 Bc5 4. c3 Nf6 5. d3 d6 6. O-O a5 {C54: Giuoco Piano: 4 c3 Nf6, main lines with 5 d4 and 5 d3} 7. Re1 O-O 8. h3 h6 {The position is equal.} 9. Nbd2 Be6 10. Bb5 Qb8 11. Bxc6 bxc6 12. d4 exd4 13. cxd4 {[#]} Ba7 $146 ({Predecessor:} 13... Bb4 14. a3 Bxd2 15. Nxd2 {½-½ (43) Giri,A (2797)-Ding,L (2809) Shenzhen 2019}) 14. Qc2 Qb7 15. b3 Rfe8 16. Ba3 a4 17. e5 axb3 18. axb3 dxe5 19. dxe5 Nd7 20. Bb2 Bc5 21. Nd4 Rxa1 22. Bxa1 Bxd4 23. Bxd4 Bd5 24. Bc3 c5 25. Re3 Nf8 ({Wrong is} 25... Bxg2 $2 26. e6 $1 $18 {[%mdl 512]}) 26. Rg3 Ne6 27. Qf5 Ra8 (27... Qa8 $11) 28. Kh2 (28. f4 $1 $16) 28... Ra2 $2 {[#]} ({Black should play} 28... Qb5 $11) 29. f4 $1 $16 Bxb3 {[#] aiming for ...Bc2.} 30. Qh5 $1 {Strongly threatening f5.} Ra4 $2 (30... Rxd2 {was called for.} 31. Bxd2 Qd5) 31. f5 $18 {Hoping for Qxh6.} Ng5 {[#]} (31... Kf8 $142 32. Nxb3 Qxb3) 32. e6 $1 {[%mdl 512]} c6 {[#]} (32... fxe6 33. Qe8+) 33. Bxg7 $1 {[%mdl 512] White mates.} Kxg7 {[#]} 34. f6+ $1 {[%mdl 512]} Kh7 (34... Kxf6 35. Qxh6+) 35. Rxg5 Qc7+ 36. g3 {Accuracy: White = 60%, Black = 48%.} 1-0

[Event "VI Sunway Sitges Open 2019"]
[Site "Sitges"]
[Date "2019.12.19"]
[Round "7.4"]
[White "Narayanan.S.L"]
[Black "Wagner, Dennis"]
[Result "1/2-1/2"]
[WhiteElo "2626"]
[BlackElo "2578"]
[Annotator "TA"]
[PlyCount "100"]
[EventDate "2019.12.13"]
[EventType "swiss"]
[EventCountry "ESP"]
[SourceTitle "playchess.com"]
[Source "ChessBase"]
[SourceQuality "1"]

{[%evp 16,100,9,0,24,29,16,19,36,10,8,5,10,8,7,11,21,8,5,5,49,23,36,25,31,39,36,19,56,56,81,83,102,77,83,89,89,93,104,96,121,77,123,122,143,155,135,136,172,152,156,161,203,204,402,174,180,124,264,216,289,242,224,218,211,0,0,0,0,0,0,0,0,0,0,0,0,0,0,0,0,0,0,0,0,0,0]} 1. e4 e5 2. Nf3 Nc6 3. Bb5 a6 4. Ba4 Nf6 5. O-O Be7 6. d3 b5 7. Bb3 d6 8. a3 O-O 9. Nc3 Na5 {C77: Ruy Lopez: 3...a6 4 Ba4 Nf6, unusual lines} 10. Ba2 Be6 11. b4 Bxa2 12. Nxa2 (12. Rxa2 $5 {[%cal Rb4a5]} Nc6 13. Ra1 $11) 12... Nc6 13. c4 Nd4 14. Nc3 {[#]} c6 $146 ({Predecessor:} 14... Nxf3+ 15. Qxf3 c6 {½-½ (33) Grischuk,A (2750)-Carlsen,M (2832) chess.com INT 2017}) 15. Be3 Nxf3+ 16. Qxf3 Qd7 17. a4 Rfd8 18. Bg5 bxc4 19. dxc4 h6 20. Bxf6 Bxf6 21. Rfd1 Qb7 22. Rab1 Be7 23. g3 Rdc8 24. h4 Rab8 25. a5 Qd7 26. Na4 {aiming for Nb6.} Qe6 27. Nb6 Rc7 28. Rd2 Rf8 29. b5 axb5 30. cxb5 cxb5 31. Rxb5 Ra7 32. Rc2 Rb8 33. Qd3 Bd8 34. Rc6 Bc7 $2 (34... Kh7 35. Rxd6 Qe8) 35. Kg2 (35. Nd5 $142 Rxb5 36. Qxb5) 35... Kh7 $18 36. Qc2 (36. Rb2 $18) 36... Bd8 (36... Rbb7 $16 37. Rd5 Qe8) 37. Rd5 Be7 38. Rc7 Rxc7 39. Qxc7 Qg6 40. Qxe7 $2 ({White should try} 40. Qc4 $18) 40... Qxe4+ $11 {The position is equal.} 41. Kh2 Rxb6 $1 {[%mdl 64] [#] Remove Defender} 42. axb6 Qxd5 {[%mdl 4096] Endgame KQ-KQ} 43. b7 Qf3 44. Kg1 Qd1+ $1 45. Kg2 Qd5+ 46. f3 Qc4 47. b8=Q {[#] Black must now prevent Qb1+.} Qe2+ 48. Kh3 Qf1+ $1 49. Kh2 Qf2+ 50. Kh3 {White wants to mate with Qb1+.} Qf1+ $1 {Accuracy: White = 59%, Black = 57%.} 1/2-1/2

[Event "VI Sunway Sitges Open 2019"]
[Site "Sitges"]
[Date "2019.12.19"]
[Round "7.5"]
[White "Durarbayli, Vasif"]
[Black "Li, Di"]
[Result "1-0"]
[WhiteElo "2609"]
[BlackElo "2543"]
[Annotator "TA"]
[PlyCount "71"]
[EventDate "2019.12.13"]
[EventType "swiss"]
[EventCountry "ESP"]
[SourceTitle "playchess.com"]
[Source "ChessBase"]
[SourceQuality "1"]

{[%evp 17,71,4,13,2,15,17,2,0,14,0,0,0,0,0,0,3,7,6,14,9,5,0,21,15,21,0,220,229,227,224,217,220,221,222,190,191,177,185,221,199,203,203,178,155,214,163,281,275,589,587,993,941,8996,6049,29971,29975]} 1. e4 e5 2. Nf3 Nf6 3. Nxe5 d6 4. Nf3 Nxe4 5. d4 d5 6. Bd3 Be7 7. O-O Nc6 8. Re1 Bg4 9. c4 Nf6 10. Nc3 {C42: Petroff Defence: 3 Nxe5 and unusual White 3rd moves} Nxd4 11. cxd5 {Threatens to win with Qa4+.} Bxf3 12. gxf3 {The position is equal.} c5 13. d6 Qxd6 14. Nb5 Nxb5 15. Bxb5+ Kf8 {[#]} 16. Qxd6 $146 ({Predecessor:} 16. Qe2 Qc7 17. Bf4 Bd6 18. Bxd6+ Qxd6 {0-1 (49) Bruzon Batista,L (2669)-Wang,Y (2716) Danzhou 2015}) 16... Bxd6 17. Be3 $36 {[%mdl 2048] Black is under pressure.} h5 18. Rad1 Be7 19. h4 a6 20. Bf1 Re8 21. a4 b5 $2 (21... g6 $1 $11 {and Black has nothing to worry.}) 22. axb5 $18 axb5 23. Bxb5 Rb8 24. Bc4 $1 Rh7 25. b3 g6 26. Bg5 {Black must now prevent Rxe7!} Ng8 {[#]} 27. Rd7 $1 {[%cal Rg5e7]} Re8 {next ...Bxg5 is good for Black.} 28. Re4 Bxg5 29. hxg5 Ne7 {[#]} 30. Rc7 $1 h4 (30... Nf5 $16 {might work better.} 31. Rxc5 Nd6) 31. Rxc5 {And now Rce5 would win.} Rd8 (31... Nf5 $142 32. Rxe8+ Kxe8) 32. Kh2 Rd2 $2 (32... Rd7 33. Kh3 Rh5 34. Rxh4 Rxh4+ 35. Kxh4 Rd4+ 36. Kh3 Nf5 37. Rc8+ Ke7 38. Rc7+ Kd6) 33. Rc7 Rxf2+ {[#]} 34. Kg1 $1 {[%mdl 512]} h3 35. Rexe7 Rxf3 {[#]} 36. Kh1 {Played: Re7xf7} 1-0

[Event "VI Sunway Sitges Open 2019"]
[Site "Sitges"]
[Date "2019.12.19"]
[Round "7.6"]
[White "Nasuta, Grzegorz"]
[Black "Gareyev, Timur"]
[Result "1/2-1/2"]
[WhiteElo "2545"]
[BlackElo "2598"]
[Annotator "ChessBase"]
[PlyCount "135"]
[EventDate "2019.12.13"]
[EventType "swiss"]
[EventCountry "ESP"]
[SourceTitle "playchess.com"]
[Source "ChessBase"]
[SourceQuality "1"]
[TimeControl "40/5400+30:1800+30"]

1. e4 {[%emt 0:00:00]} e5 {[%emt 0:07:38]} 2. Nf3 {[%emt 0:00:00]} Nc6 {[%emt 0:00:17]} 3. d4 {[%emt 0:00:08]} exd4 {[%emt 0:00:07]} 4. Nxd4 {[%emt 0:00:05]} Bb4+ {[%emt 0:02:51]} 5. c3 {[%emt 0:00:59]} Be7 {[%emt 0:01:27]} 6. Nxc6 {[%emt 0:01:53]} bxc6 {[%emt 0:00:17]} 7. Bd3 {[%emt 0:02:10]} d6 {[%emt 0:04:17]} 8. O-O {[%emt 0:00:28]} Nf6 {[%emt 0:00:06]} 9. Nd2 {[%emt 0:03:39]} O-O {[%emt 0:00:51]} 10. f4 {[%emt 0:02:37]} a5 {[%emt 0:00:20]} 11. Nf3 {[%emt 0:05:00]} Ba6 {[%emt 0:02:00]} 12. Bxa6 {[%emt 0:22:02]} Rxa6 {[%emt 0:01:16]} 13. Be3 {[%emt 0:01:09]} Qc8 {[%emt 0:14:55]} 14. Qd3 {[%emt 0:01:54]} Ng4 {[%emt 0:09:10]} 15. Bd2 {[%emt 0:10:14]} Rb6 {[%emt 0:03:13]} 16. b3 {[%emt 0:08:26]} a4 {[%emt 0:15:19]} 17. b4 {[%emt 0:11:19]} Qa6 {[%emt 0:00:03]} 18. Qxa6 {[%emt 0:10:14]} Rxa6 {[%emt 0:00:02]} 19. Rae1 {[%emt 0:00:10]} a3 {[%emt 0:06:01]} 20. Nd4 {[%emt 0:05:14]} Rd8 {[%emt 0:01:35]} 21. Re2 {[%emt 0:05:15]} Rb6 {[%emt 0:07:32]} 22. Nb3 {[%emt 0:04:25]} Nf6 {[%emt 0:02:29]} 23. Bc1 {[%emt 0:00:25]} Ra8 {[%emt 0:02:31]} 24. e5 {[%emt 0:03:09]} dxe5 {[%emt 0:11:18]} 25. Rxe5 {[%emt 0:00:05]} Bd6 {[%emt 0:00:04]} 26. Ra5 {[%emt 0:00:06]} Re8 {[%emt 0:00:00]} 27. Bxa3 {[%emt 0:00:54]} Nd5 {[%emt 0:01:51]} 28. Bc1 {[%emt 0:01:26]} Nxc3 {[%emt 0:00:25]} 29. a3 {[%emt 0:00:09]} Ne2+ {[%emt 0:01:27]} 30. Kf2 {[%emt 0:00:07]} Nxf4 {[%emt 0:02:04]} 31. Bxf4 {[%emt 0:00:06]} Bxf4 {[%emt 0:00:04]} 32. Re1 {[%emt 0:00:07]} Rd8 {[%emt 0:00:08]} 33. g3 {[%emt 0:00:25]} Bd6 {[%emt 0:00:01]} 34. Rc1 {[%emt 0:01:23]} f6 {[%emt 0:01:34]} 35. Rc4 {[%emt 0:00:29]} Be5 {[%emt 0:00:10]} 36. Ke2 {[%emt 0:01:03]} Rd5 {[%emt 0:02:06]} 37. Ra8+ {[%emt 0:00:39]} Kf7 {[%emt 0:00:02]} 38. Nc5 {[%emt 0:00:11]} Bd6 {[%emt 0:00:49]} 39. Ne4 {[%emt 0:00:22]} f5 {[%emt 0:01:37]} 40. Nc3 {[%emt 0:00:00]} Re5+ {[%emt 0:00:00]} 41. Kf2 {[%emt 0:14:11]} Re8 {[%emt 0:02:14]} 42. Ra7 {[%emt 0:04:05]} Ke6 {[%emt 0:09:55]} 43. Na4 {[%emt 0:00:33]} Rbb8 {[%emt 0:00:28]} 44. Rxc6 {[%emt 0:02:18]} Ra8 {[%emt 0:01:06]} 45. Raa6 {[%emt 0:02:35]} f4 {[%emt 0:09:29]} 46. gxf4 {[%emt 0:02:35]} Kf5 {[%emt 0:06:33]} 47. Nc3 {[%emt 0:03:47]} Rxa6 {[%emt 0:00:24]} 48. Rxa6 {[%emt 0:00:02]} Bxf4 {[%emt 0:00:13]} 49. h3 {[%emt 0:00:12]} Be5 {[%emt 0:01:30]} 50. Rc6 {[%emt 0:01:07]} Bd4+ {[%emt 0:02:43]} 51. Kg2 {[%emt 0:00:05]} Re3 {[%emt 0:00:09]} 52. Nb5 {[%emt 0:04:40]} Be5 {[%emt 0:00:01]} 53. a4 {[%emt 0:00:28]} Re4 {[%emt 0:00:41]} 54. a5 {[%emt 0:01:07]} Rxb4 {[%emt 0:00:02]} 55. Nxc7 {[%emt 0:00:04]} Rb2+ {[%emt 0:01:33]} 56. Kf1 {[%emt 0:01:03]} Ke4 {[%emt 0:00:50]} 57. a6 {[%emt 0:00:13]} Kf3 {[%emt 0:01:25]} 58. Ke1 {[%emt 0:00:53]} Bd4 {[%emt 0:01:14]} 59. Kd1 {[%emt 0:00:27]} Be3 {[%emt 0:00:31]} 60. Rc3 {[%emt 0:00:18]} Rb1+ {[%emt 0:00:28]} 61. Kc2 {[%emt 0:00:04]} Rc1+ {[%emt 0:00:03]} 62. Kb3 {[%emt 0:00:11]} Rxc3+ {[%emt 0:00:07]} 63. Kxc3 {[%emt 0:00:03]} Kg3 {[%emt 0:01:14]} 64. Ne6 {[%emt 0:01:11]} Ba7 {[%emt 0:00:27]} 65. Nxg7 {[%emt 0:01:17]} Kxh3 {[%emt 0:00:05]} 66. Kc4 {[%emt 0:00:29]} Kg4 {[%emt 0:00:05]} 67. Kd5 {[%emt 0:00:05]} h5 {[%emt 0:00:35]} 68. Nxh5 {[%emt 0:00:12]} 1/2-1/2

[Event "VI Sunway Sitges Open 2019"]
[Site "Sitges"]
[Date "2019.12.19"]
[Round "7.7"]
[White "Vocaturo, Daniele"]
[Black "Erigaisi Arjun"]
[Result "1/2-1/2"]
[WhiteElo "2627"]
[BlackElo "2544"]
[Annotator "TA"]
[PlyCount "150"]
[EventDate "2019.12.13"]
[EventType "swiss"]
[EventCountry "ESP"]
[SourceTitle "playchess.com"]
[Source "ChessBase"]
[SourceQuality "1"]

{[%evp 15,150,0,0,0,24,0,3,-17,-11,-18,0,0,0,-60,-63,-55,-41,-37,-39,-66,-64,-106,-53,-75,-70,-41,-8,-31,-8,-8,-8,-12,-8,-8,-8,-8,-8,-8,-8,-8,-8,-8,-8,-8,-8,-8,0,0,0,0,0,0,0,0,0,0,0,0,0,5,8,8,8,8,8,8,8,8,8,8,8,8,8,8,8,8,8,8,8,8,8,8,8,8,8,8,8,8,8,8,8,8,8,0,8,8,8,8,8,8,11,8,8,8,8,8,8,8,8,8,8,8,8,8,8,8,8,8,8,8,8,8,8,8,8,8,8,8,8,8,8,8,8,8,8,8,8]} 1. d4 Nf6 2. c4 e6 3. Nf3 d5 4. Nc3 c6 5. Bg5 h6 6. Bh4 dxc4 7. e4 g5 8. Bg3 b5 9. Ne5 {D43: Semi-Slav: 5 Bg5 h6} (9. Be2 Bb7 10. h4 g4 11. Ne5 Nbd7 12. Nxg4 b4 13. Nxf6+ Nxf6 14. Na4 Nxe4 15. Be5 Rg8 16. Bxc4 Bd6 17. Qh5 Bxe5 18. Qxe5 c5 19. Nxc5 Nxc5 20. dxc5 {½-½ (41) Sarana,A (2655)-Matlakov,M (2710) Izhevsk 2019}) 9... Nbd7 10. Be2 (10. Nxc6 {feels hotter.} Qb6 11. d5 Bb7 12. a4 a6 13. Be2) 10... Bb7 11. Qc2 h5 {Strongly threatening ...h4.} 12. h4 gxh4 $146 ({Predecessor:} 12... g4 13. O-O Be7 14. Rad1 Qb6 15. Kh1 Nxe5 16. Bxe5 Rg8 17. b3 cxb3 18. Qxb3 {1-0 (42) Kolosowski,M (2423)-Thompson,I (2187) Stockholm 2015}) 13. Bxh4 {Hoping for Nxd7.} Be7 14. O-O-O (14. Nxd7 $11 Nxd7 15. Bxe7 Qxe7 16. O-O-O) 14... Nxe5 $1 $15 15. dxe5 Nd7 16. Qd2 $1 Bxh4 17. Rxh4 Qe7 18. Qf4 O-O-O (18... b4 $17 19. Na4 (19. Bxh5 $2 O-O-O $19) (19. Rxh5 $2 Rxh5 20. Bxh5 Nc5 $19) 19... Ba6 20. Rxh5 Rg8) 19. Rxh5 Rxh5 20. Bxh5 Nc5 21. Rxd8+ Qxd8 22. Be2 {The position is equal.} b4 23. Nd1 $1 b3 24. a3 $1 Nd3+ (24... Qd3 $5 25. Qd2 $8 Qxe4 $11) 25. Bxd3 $1 Qxd3 {[%csl Gb3][%cal Rd3c2]} 26. Qd2 Qxe4 {[%mdl 64] Double Attack} 27. Ne3 Qxe5 28. Nxc4 Qc5 {[#]} 29. Qb4 $1 {[%cal Rb4c5][%mdl 512]} Qxb4 (29... Qxf2 $5 30. Qf8+ $8 Kd7 31. Qd6+ Kc8 32. Qf8+ Kd7 33. Ne5+ Kc7 34. Qe7+ Kc8 35. Qf8+ Kc7 36. Qe7+ Kc8 37. Qf8+ Kc7 $11) 30. axb4 $11 {[%mdl 4096] Endgame [#] KB-KN} c5 $1 {[%mdl 512]} 31. bxc5 Bxg2 32. Nd6+ Kc7 {White must now prevent ...Kc6.} 33. Nxf7 Kc6 34. Nd8+ Kd7 35. Nf7 Kc6 36. Nd8+ Kd5 (36... Kd7 $5 37. Nf7 $8 Kc6 $11) 37. c6 {[%cal Bc5c6,Bc6c7][%mdl 32] And now c7 would win.} e5 38. c7 Bh3 39. Kd2 e4 40. Nf7 Kc6 41. Ng5 Bf5 {[#]} 42. Nxe4 $1 {[%mdl 512]} Kxc7 (42... Bxe4 43. c8=Q+) 43. Nc5 Kc6 44. Nxb3 {aiming for Nd4+.} Kd5 45. Kc3 a6 46. Kb4 Bd3 47. Ka5 Bc4 48. Nd2 Be2 49. Kb6 Kd4 50. Nb3+ Ke4 51. Ka5 Bb5 52. Kb4 Be2 53. Nd2+ Kd4 54. Ka5 Kd3 55. Nb3 {Threatens to win with Nc1+.} Ke4 56. Kb6 Kf4 57. Nd2 Bb5 58. b4 Bd3 59. Kc6 Bb5+ 60. Kc7 Bd3 61. Kb6 Kg4 62. Kc6 Kf4 63. Kc5 Bb5 64. Nb3 Bd3 65. Kb6 Kf3 66. Nc5 Be2 67. Nxa6 Kxf2 68. Nc7 $1 Ke3 69. Nb5 Kd2 70. Kc5 Bf1 71. Nd6 Kc3 72. Ne4+ Kc2 73. Nf6 Kc3 74. Nd5+ Kb3 75. b5 Bxb5 $1 {Accuracy: White = 83%, Black = 86%.} 1/2-1/2

[Event "VI Sunway Sitges Open 2019"]
[Site "Sitges"]
[Date "2019.12.19"]
[Round "7.8"]
[White "Harutyunian, Tigran K."]
[Black "Sasikiran, Krishnan"]
[Result "1/2-1/2"]
[WhiteElo "2540"]
[BlackElo "2656"]
[Annotator "TA"]
[PlyCount "58"]
[EventDate "2019.12.13"]
[EventType "swiss"]
[EventCountry "ESP"]
[SourceTitle "playchess.com"]
[Source "ChessBase"]
[SourceQuality "1"]

{[%evp 9,58,34,47,33,80,79,79,27,28,17,37,33,35,27,18,20,16,20,26,0,0,0,0,0,0,0,0,-41,-35,-52,-58,-66,-26,-21,-23,-23,-15,-17,-17,-17,-17,-17,-17,-27,0,0,0,-17,0,0,0]} 1. c4 e5 2. Nc3 Nc6 3. Nf3 f5 4. g3 Nf6 5. d4 e4 6. Nh4 {A27: English Opening: Three Knights Variation} d5 7. Bg5 Bb4 {[#]} (7... dxc4 8. e3 Be7 9. Bxc4 g6 10. Ng2 Qd6 11. a3 a6 12. Bh6 {0-1 (91) Wang,H (2735)-Fedoseev,V (2683) Hengshui 2019}) 8. e3 ({White should play} 8. cxd5 $1 $16 Qxd5 9. Bxf6 gxf6 10. e3) 8... O-O $11 9. Ng2 Ne7 10. Qb3 Bxc3+ 11. bxc3 h6 $146 ({Predecessor:} 11... c6 12. h4 {1-0 (34) Jochens,A (2252)-Bokelbrink,U (2310) Germany 2009}) 12. Bxf6 Rxf6 13. h4 Be6 14. h5 Bf7 $36 {[%mdl 2048] Black has good play.} 15. Nf4 c5 16. dxc5 Rc8 17. Be2 Rxc5 18. O-O Qc7 {[%cal Rd5c4]} 19. cxd5 Nxd5 20. Nxd5 Rxd5 21. Bc4 Rd3 22. Bxf7+ Qxf7 23. Rfd1 Rfd6 24. Rxd3 Rxd3 {KQR-KQR} 25. Rb1 b6 26. Kg2 Kf8 27. Qb4+ {The position is equal.} Kg8 28. Qb3 Kf8 29. Qb4+ Kg8 {Accuracy: White = 76%, Black = 65%.} 1/2-1/2

[Event "VI Sunway Sitges Open 2019"]
[Site "Sitges"]
[Date "2019.12.19"]
[Round "7.9"]
[White "Sadzikowski, Daniel"]
[Black "Edouard, Romain"]
[Result "1/2-1/2"]
[WhiteElo "2504"]
[BlackElo "2653"]
[Annotator "TA"]
[PlyCount "147"]
[EventDate "2019.12.13"]
[EventType "swiss"]
[EventCountry "ESP"]
[SourceTitle "playchess.com"]
[Source "ChessBase"]
[SourceQuality "1"]

{[%evp 9,147,10,25,24,23,28,34,22,29,24,25,32,33,33,35,36,64,42,133,34,21,22,74,84,86,0,45,44,44,44,44,46,45,46,52,8,22,15,39,43,110,105,110,90,99,81,139,107,210,216,239,237,264,252,329,242,246,206,194,196,200,202,170,8,8,41,70,0,206,195,201,200,189,198,197,175,210,210,210,210,210,210,571,685,681,682,669,666,628,597,554,451,387,425,500,405,1410,1360,1342,1168,552,0,370,350,484,431,344,307,320,75,75,8,8,8,8,4,8,8,8,8,8,8,8,8,8,-6,-6,-6,-6,-8,-8,-8,-8,-8,-8,-8,-8,-8,0,-29950]} 1. e4 c5 2. Nf3 d6 3. Bb5+ Nd7 4. a4 Ngf6 5. Nc3 g6 (5... a6 6. Be2 b6 7. d4 cxd4 8. Qxd4 Bb7 9. O-O e5 10. Qe3 Be7 11. Nd2 O-O 12. Rd1 Qc7 13. Nc4 {1-0 (39) Giri,A (2783)-Salem,A (2660) St Petersburg 2018}) 6. a5 {B51: Sicilian: Moscow Variation (3 Bb5+) without 3...Bd7} Bg7 7. O-O O-O 8. Re1 {White is slightly better.} a6 9. Bf1 e5 10. d3 Nb8 11. Nd5 $146 {[%mdl 2048] White is pushing.} ({Predecessor:} 11. Bg5 h6 12. Bxf6 Bxf6 13. Nd5 {1-0 (61) Lukin,A-Palatnik,S Uzhgorod 1972}) 11... Nxd5 12. exd5 h6 13. Nd2 f5 (13... b6 $14) 14. f4 (14. Nc4 $16) 14... exf4 $14 15. Nc4 Bd4+ (15... g5 $11) 16. Kh1 $16 Qh4 17. Nd2 ({White should play} 17. Bd2 $16) 17... g5 18. Nf3 Qh5 $1 19. Nxd4 Qxd1 20. Rxd1 {And now Nf3 would win.} cxd4 21. Re1 Nd7 22. Re6 Rf6 23. Ra4 Kf7 24. Re1 Ne5 (24... b5 $14 25. axb6 (25. Rxd4 Bb7 $11) 25... Nxb6 26. Rxd4 Kg6) 25. Rxd4 f3 26. g3 b5 27. axb6 Bb7 ({Better is} 27... Rb8) 28. Kg1 Re8 (28... Ng4 $16 {might work better.} 29. Be3 Re8) 29. h3 $18 Kg6 30. Kf2 Rf7 31. Bd2 h5 32. c3 Rfe7 33. b4 g4 34. h4 Nd7 35. Rxe7 Rxe7 36. Bf4 $2 (36. Bg5 $18 Rf7 37. Bd8) 36... Nxb6 $11 37. Bxd6 Rd7 38. Bc5 (38. Bf4 $14) 38... Nxd5 $2 (38... Na4 $1 $11) 39. c4 $18 Nf6 40. Rxd7 Nxd7 {[%mdl 4096] Endgame KBB-KBN} 41. Bd6 Kf7 42. Ke3 Bc6 43. d4 Nf6 44. Be5 Ne4 45. d5 Ba4 $2 (45... Bd7 {is tougher.} 46. Bd3 Ke7 47. Bxe4 fxe4) 46. b5 axb5 47. cxb5 Nc5 48. b6 Bb3 49. Kd4 Nb7 50. Bf4 Bd1 51. Kc3 Kf6 52. d6 Ke6 (52... Ba4 $142 53. Bc4 Bc6) 53. Bc4+ Kd7 54. Bb5+ Ke6 55. Bc4+ Kd7 {[#]} 56. Ba6 $1 {[%cal Ra6b7]} f2 57. Kd2 Bf3 58. Ke3 Nc5 59. Bb5+ $2 (59. Bf1 $18 {and the rest is easy.}) 59... Bc6 $16 60. Bxc6+ (60. Bf1 $16) 60... Kxc6 $11 {The position is equal.} 61. Kxf2 $16 {aiming for Ke3. KB-KN} Ne6 $1 {[%cal Re6f4]} 62. Be3 Kxd6 63. Ke2 Kd7 64. Kd3 Kc6 65. Kc4 f4 66. gxf4 {Strongly threatening Kd3.} Ng7 $1 67. b7 Kxb7 68. Kd5 {Threatens to win with Ke5.} Nf5 {[%mdl 64] Double Attack} 69. Bf2 g3 {[#]} 70. Bxg3 $1 {[%mdl 512]} Nxg3 71. Ke5 Kc7 72. f5 Kd7 73. Kf4 Ne2+ 74. Ke4 $2 {[%mdl 40960] Accuracy: White = 68%, Black = 53%. . An unexpected result.} (74. Kg5 $11) 1/2-1/2